000 00515nam a2200181Ia 4500
003 GCL
005 20240530095901.0
008 140319s9999 xx 000 0 eng d
040 _aGCL /
_cGCL
082 0 4 _a796.332069
_bD S
100 1 _aDAVIS, KATHLEEN A.
245 1 0 _aSPORT MANAGEMENT : SUCCESSFUL PREVITE SECTOR BUSINESS STRATEGIES /
_cDAVIS, KATHLEEN A.
260 _a[S.N] :
_bWCB WM.C.BROWN PUBLISHERS ،
_c1995
300 _a297 P
650 0 4 _aSPORT
650 0 4 _aSPORT MANAGEMENT
942 _2ddc
_cBK
999 _c11733
_d11733